000 00653nam a2200217 a 4500
005 20240919064423.0
008 991125s1978 mx 000 0 spa u
020 _a9682300142
035 _aUPN01000006227
049 _aCG
050 4 _aHB97.5
_bB4.28
100 1 _aBettelheim, Charles,
_d1913-2006
_934873
245 1 0 _aCálculo económico y formas de propiedad /
_cpor Charles Bettelheim ; tr. Ramón Salvat.
260 _aMéxico :
_bSiglo XXI,
_c1978.
300 _a229 p.
440 0 _aEconomía y demografía
650 2 _aEconomía marxista
_98188
650 4 _aPROPIEDAD
_915240
650 4 _aSISTEMAS ECONOMICOS COMPARADOS
905 _aLibro
999 _c6227
_d6227